[Event "NB II. Erkel csoport"]
[Site "Budapest"]
[Date "2024.02.18"]
[Round "4.6"]
[White "Nadasi, Balazs"]
[Black "Szekeres, Sandor"]
[Result "1-0"]
[WhiteElo "2077"]
[BlackElo "1951"]
[PlyCount "79"]
[EventDate "2023.10.08"]
[EventType "team-tourn"]
[EventRounds "9"]
[EventCountry "HUN"]
[Source "chess.hu"]
[WhiteTeam "EUTender-Sinus-SDSE"]
[BlackTeam "Egri Bolyky BastyaSE"]
[WhiteTeamCountry "HUN"]
[BlackTeamCountry "HUN"]

1. e4 c5 2. Nf3 Nc6 3. d4 cxd4 4. Nxd4 Nf6 5. Nc3 e5 6. Ndb5 d6 7. Bg5 a6 8.
Na3 b5 9. Nd5 Be7 10. Bxf6 Bxf6 11. c4 b4 12. Nc2 a5 13. Qf3 Be6 14. Rd1 h5 15.
h3 Rc8 16. b3 Bxd5 17. cxd5 Nd4 18. Nxd4 exd4 19. Bb5+ Kf8 20. Bc6 Rh6 21. O-O
Be5 22. Qe2 g5 23. g3 Kg7 24. Rd3 g4 25. h4 Rc7 26. Qd2 Ra7 27. Kg2 Rg6 28. Ra1
Qc8 29. a3 bxa3 30. Rxa3 f5 31. exf5 Qxf5 32. b4 Rf6 33. Qg5+ Qxg5 34. hxg5 Rf5
35. b5 Raf7 36. Ra2 Rf8 37. b6 Kg6 38. b7 Kxg5 39. Bd7 Bxg3 40. Bxf5 1-0

[Event "NB II. Erkel csoport"]
[Site "Budapest"]
[Date "2024.02.18"]
[Round "4.7"]
[White "Botos, Krisztian"]
[Black "Szabo, A. Martin"]
[Result "0-1"]
[WhiteElo "1963"]
[BlackElo "1828"]
[PlyCount "68"]
[EventDate "2023.10.08"]
[EventType "team-tourn"]
[EventRounds "9"]
[EventCountry "HUN"]
[Source "chess.hu"]
[WhiteTeam "Egri Bolyky BastyaSE"]
[BlackTeam "EUTender-Sinus-SDSE"]
[WhiteTeamCountry "HUN"]
[BlackTeamCountry "HUN"]

1. c4 Nf6 2. d4 g6 3. g3 Bg7 4. Bg2 O-O 5. Nc3 c5 6. d5 d6 7. e4 Na6 8. Bg5 h6
9. Bd2 Nc7 10. Qc1 Kh7 11. Nge2 a6 12. a4 b6 13. O-O Rb8 14. Rb1 b5 15. axb5
axb5 16. b4 Nd7 17. bxc5 Nxc5 18. cxb5 Bd7 19. Be3 Nxb5 20. Bxc5 dxc5 21. Nxb5
Bxb5 22. Re1 Qc7 23. Qc2 Bxe2 24. Qxe2 c4 25. Rxb8 Rxb8 26. e5 c3 27. Be4 Bxe5
28. Bc2 Bf6 29. h4 Qc5 30. Qf3 Rb2 31. Re2 Kg7 32. h5 Qb4 33. hxg6 Rxc2 34.
Rxc2 Qb1+ 0-1

[Event "NB II. Erkel csoport"]
[Site "Budapest"]
[Date "2024.02.18"]
[Round "4.8"]
[White "Varaljai, Istvan"]
[Black "Kis, Jozsef"]
[Result "1/2-1/2"]
[WhiteElo "1904"]
[BlackElo "1928"]
[PlyCount "61"]
[EventDate "2023.10.08"]
[EventType "team-tourn"]
[EventRounds "9"]
[EventCountry "HUN"]
[Source "chess.hu"]
[WhiteTeam "EUTender-Sinus-SDSE"]
[BlackTeam "Egri Bolyky BastyaSE"]
[WhiteTeamCountry "HUN"]
[BlackTeamCountry "HUN"]

1. e4 g6 2. d4 d6 3. c4 Bg7 4. Nc3 Nf6 5. Be2 Nc6 6. Be3 O-O 7. f3 e5 8. d5 Ne7
9. Qd2 Nd7 10. g4 f5 11. gxf5 gxf5 12. Bh6 Ng6 13. O-O-O f4 14. Bxg7 Kxg7 15.
Qe1 Nf6 16. Bd3 a6 17. Kb1 Bd7 18. h4 Nh5 19. Nge2 Kh8 20. Qf2 Qf6 21. Rdg1 h6
22. Qe1 Rg8 23. Nd1 Ng3 24. Nxg3 fxg3 25. Rxg3 Nf4 26. Rxg8+ Rxg8 27. Bc2 Qg6
28. Ne3 Qg3 29. Bd1 Nd3 30. Qd2 Nf4 31. b3 1/2-1/2

[Event "NB II. Erkel csoport"]
[Site "Budapest"]
[Date "2024.02.18"]
[Round "4.9"]
[White "Gordos, Csaba Dr"]
[Black "Csajbok, Levente Tamas"]
[Result "1/2-1/2"]
[WhiteElo "1804"]
[BlackElo "1874"]
[PlyCount "36"]
[EventDate "2023.10.08"]
[EventType "team-tourn"]
[EventRounds "9"]
[EventCountry "HUN"]
[Source "chess.hu"]
[WhiteTeam "Egri Bolyky BastyaSE"]
[BlackTeam "EUTender-Sinus-SDSE"]
[WhiteTeamCountry "HUN"]
[BlackTeamCountry "HUN"]

1. e4 e5 2. Nc3 Nf6 3. f4 d5 4. fxe5 Nxe4 5. d3 Nxc3 6. bxc3 d4 7. Nf3 Nc6 8.
Be2 Bc5 9. c4 Qe7 10. Bf4 Bb4+ 11. Kf2 O-O 12. Rf1 f6 13. exf6 Rxf6 14. Bd2 Bg4
15. Kg1 Re6 16. Bxb4 Nxb4 17. Rf2 Bxf3 18. Bxf3 Re8 1/2-1/2

[Event "NB II. Erkel csoport"]
[Site "Budapest"]
[Date "2024.02.18"]
[Round "4.10"]
[White "Kertesz, Aron Borsa"]
[Black "Huszar, Andras"]
[Result "0-1"]
[WhiteElo "1802"]
[BlackElo "1472"]
[PlyCount "50"]
[EventDate "2023.10.08"]
[EventType "team-tourn"]
[EventRounds "9"]
[EventCountry "HUN"]
[Source "chess.hu"]
[WhiteTeam "EUTender-Sinus-SDSE"]
[BlackTeam "Egri Bolyky BastyaSE"]
[WhiteTeamCountry "HUN"]
[BlackTeamCountry "HUN"]

1. d4 d5 2. c4 e6 3. Nc3 Nf6 4. cxd5 exd5 5. Bg5 Be7 6. e3 c6 7. Bd3 h6 8. Bh4
Nbd7 9. Nge2 b6 10. O-O O-O 11. f3 c5 12. e4 dxe4 13. fxe4 cxd4 14. Nxd4 Ne5
15. Bc2 Bc5 16. Nce2 Ba6 17. Bf2 Nfg4 18. Kh1 Bxe2 19. Qxe2 Nxf2+ 20. Rxf2 Qxd4
21. Rf5 Qc4 22. Qxc4 Nxc4 23. Bb3 Nd6 24. Rf4 Rae8 25. Raf1 Rxe4 0-1

[Event "NB II. Erkel csoport"]
[Site "Budapest"]
[Date "2024.02.18"]
[Round "4.11"]
[White "Prepelita, Kevin Gabriel"]
[Black "Horvath, Csaba"]
[Result "0-1"]
[WhiteElo "1405"]
[BlackElo "1666"]
[PlyCount "58"]
[EventDate "2023.10.08"]
[EventType "team-tourn"]
[EventRounds "9"]
[EventCountry "HUN"]
[Source "chess.hu"]
[WhiteTeam "Egri Bolyky BastyaSE"]
[BlackTeam "EUTender-Sinus-SDSE"]
[WhiteTeamCountry "HUN"]
[BlackTeamCountry "HUN"]

1. e4 c5 2. c3 d5 3. exd5 Qxd5 4. d4 Nc6 5. Nf3 Bg4 6. Be2 cxd4 7. cxd4 e6 8.
O-O Nf6 9. Nc3 Qd6 10. Nb5 Qd8 11. Bf4 Nd5 12. Be5 a6 13. Nc3 Nxe5 14. dxe5
Nxc3 15. Qxd8+ Rxd8 16. bxc3 Bc5 17. Rab1 Bxf3 18. Bxf3 b6 19. Bc6+ Ke7 20.
Rfd1 f6 21. exf6+ gxf6 22. Rxd8 Rxd8 23. g4 Rd2 24. Rf1 Rxa2 25. Kg2 a5 26. Kg3
Rc2 27. f3 Bd6+ 28. f4 Rxc3+ 29. Rf3 Rxc6 0-1

[Event "NB II. Erkel csoport"]
[Site "Budapest"]
[Date "2024.02.18"]
[Round "4.12"]
[White "Molnar-Saska, Tamas"]
[Black "Kovacs, Kolos Rego"]
[Result "0-1"]
[WhiteElo "1495"]
[BlackElo "1060"]
[PlyCount "132"]
[EventDate "2023.10.08"]
[EventType "team-tourn"]
[EventRounds "9"]
[EventCountry "HUN"]
[Source "chess.hu"]
[WhiteTeam "EUTender-Sinus-SDSE"]
[BlackTeam "Egri Bolyky BastyaSE"]
[WhiteTeamCountry "HUN"]
[BlackTeamCountry "HUN"]

1. e4 e5 2. Nf3 Nc6 3. Bc4 Bc5 4. c3 Nf6 5. d3 O-O 6. O-O h6 7. h3 d5 8. exd5
Nxd5 9. Nbd2 Bf5 10. Nb3 Be7 11. d4 exd4 12. Nbxd4 Nxd4 13. Nxd4 Bg6 14. Qf3 c6
15. Bd2 Nf6 16. Rad1 Be4 17. Qg3 Bd6 18. f4 Nh5 19. Qf2 Re8 20. Rfe1 Qf6 21. g3
Qg6 22. Kh2 Bd3 23. Bxd3 Qxd3 24. Be3 Qg6 25. Rd2 Re4 26. Red1 Rae8 27. Rd3
Qxg3+ 28. Qxg3 Nxg3 29. Kxg3 Rxe3+ 30. Rxe3 Rxe3+ 31. Kf2 Rxh3 32. Ne2 Bc5+ 33.
Kg2 Re3 34. Kf1 Rf3+ 35. Ke1 Be3 36. Rd7 Bxf4 37. Nxf4 Rxf4 38. Rxb7 Ra4 39. a3
h5 40. Kf2 g6 41. Re7 h4 42. Re2 g5 43. Kg2 Kg7 44. Kh3 f6 45. Rd2 Kg6 46. Re2
Kf5 47. Rf2+ Rf4 48. Re2 Rf3+ 49. Kg2 Kg4 50. Re4+ Rf4 51. Re3 f5 52. Rd3 Re4
53. Kf2 Rf4+ 54. Kg2 h3+ 55. Rxh3 Rf2+ 56. Kxf2 Kxh3 57. Kg1 g4 58. b4 Kg3 59.
c4 Kf4 60. c5 Ke5 61. Kg2 Kd5 62. Kg3 Kc4 63. Kf4 Kb5 64. Ke3 a5 65. a4+ Kxa4
66. b5 Kxb5 0-1

[Event "NB II. Erkel csoport"]
[Site "Szada"]
[Date "2024.02.18"]
[Round "4.1"]
[White "Sagi, Bence"]
[Black "Vereb, Gabor"]
[Result "0-1"]
[WhiteElo "2202"]
[BlackElo "2177"]
[PlyCount "64"]
[EventDate "2023.10.08"]
[EventType "team-tourn"]
[EventRounds "9"]
[EventCountry "HUN"]
[Source "chess.hu"]
[WhiteTeam "Fot SE-LearningChess"]
[BlackTeam "Godolloi SBE"]
[WhiteTeamCountry "HUN"]
[BlackTeamCountry "HUN"]

1. d4 Nf6 2. Bf4 d5 3. e3 c5 4. c3 Nc6 5. Nd2 e6 6. Ngf3 Bd6 7. Bg3 O-O 8. Bd3
b6 9. Qe2 Bb7 10. Rd1 Qe7 11. e4 dxe4 12. Nxe4 Nxe4 13. Bxe4 cxd4 14. Bh4 f6
15. Qc2 dxc3 16. Bxh7+ Kh8 17. Bg3 Nb4 18. Qb1 c2 19. Bxc2 Nxc2+ 20. Qxc2 Bb4+
21. Kf1 Rac8 22. Qe2 Rfd8 23. Ne1 Rxd1 24. Qxd1 Qc5 25. a3 Ba6+ 26. Nd3 Qc1 27.
Ke2 Rc2+ 28. Kf3 Bb7+ 29. Kg4 Qg5+ 30. Kh3 Qf5+ 31. Kh4 g5+ 32. Kh5 g4+ 0-1

[Event "NB II. Erkel csoport"]
[Site "Szada"]
[Date "2024.02.18"]
[Round "4.2"]
[White "Nagyajtai, Gabor"]
[Black "Gubics, Peter"]
[Result "1-0"]
[WhiteElo "2111"]
[BlackElo "1945"]
[PlyCount "115"]
[EventDate "2023.10.08"]
[EventType "team-tourn"]
[EventRounds "9"]
[EventCountry "HUN"]
[Source "chess.hu"]
[WhiteTeam "Godolloi SBE"]
[BlackTeam "Fot SE-LearningChess"]
[WhiteTeamCountry "HUN"]
[BlackTeamCountry "HUN"]

1. b3 e5 2. Bb2 Nf6 3. e3 Nc6 4. c4 d5 5. cxd5 Nxd5 6. d3 Be6 7. Nf3 f6 8. a3
Be7 9. Nbd2 O-O 10. Qc2 Qe8 11. Be2 Qf7 12. O-O Rfd8 13. b4 a6 14. Rfd1 Rd7 15.
d4 exd4 16. Bxd4 Nf4 17. exf4 Nxd4 18. Nxd4 Rxd4 19. Qxc7 Rd7 20. Qc3 Bd6 21.
g3 Bf8 22. Nf3 Rc7 23. Qb2 Rac8 24. Nd4 Bc4 25. Bg4 Re8 26. Re1 Rce7 27. Qc3 b5
28. Nf5 Rxe1+ 29. Rxe1 Rxe1+ 30. Qxe1 g6 31. Ne3 f5 32. Bf3 Be6 33. Qd2 Be7 34.
Qd4 Qf6 35. Qb6 Qa1+ 36. Kg2 Kf7 37. Bd5 Bxd5+ 38. Nxd5 Qd1 39. Qb7 Qe2 40. Ne3
Qd3 41. Qxa6 Qe4+ 42. Kg1 Qb1+ 43. Nf1 Qd3 44. a4 Bxb4 45. axb5 Qc2 46. Qb7+
Kg8 47. Qd5+ Kf8 48. Qd8+ Kf7 49. Qd7+ Kg8 50. Ne3 Qb1+ 51. Kg2 Qe4+ 52. Kf1
Bc5 53. Qc8+ Bf8 54. Qc4+ Qxc4+ 55. Nxc4 Bc5 56. b6 Kf8 57. b7 Ba7 58. Ne5 1-0

[Event "NB II. Erkel csoport"]
[Site "Szada"]
[Date "2024.02.18"]
[Round "4.3"]
[White "Bokros, Istvan"]
[Black "Sillye, Kalman"]
[Result "1/2-1/2"]
[WhiteElo "1983"]
[BlackElo "2033"]
[PlyCount "83"]
[EventDate "2023.10.08"]
[EventType "team-tourn"]
[EventRounds "9"]
[EventCountry "HUN"]
[Source "chess.hu"]
[WhiteTeam "Fot SE-LearningChess"]
[BlackTeam "Godolloi SBE"]
[WhiteTeamCountry "HUN"]
[BlackTeamCountry "HUN"]

1. e4 c5 2. Nf3 Nc6 3. d4 cxd4 4. Nxd4 Nf6 5. Nc3 d6 6. Bg5 e6 7. Qd2 Be7 8.
O-O-O Nxd4 9. Qxd4 O-O 10. Bc4 Qa5 11. f4 Bd7 12. Bxf6 Bxf6 13. e5 Be7 14. exd6
Bf6 15. Qd3 Bxc3 16. Qxc3 Qxc3 17. bxc3 Rac8 18. Bb3 Rxc3 19. Kb2 Rfc8 20. Rhe1
g6 21. Re4 b5 22. a4 bxa4 23. Rxa4 Bxa4 24. Bxa4 R3c4 25. Kb3 R4c5 26. c4 a5
27. Bb5 Kf8 28. Ka4 Rxc4+ 29. Bxc4 Rxc4+ 30. Kb5 Rc8 31. Kb6 a4 32. Kb7 Rd8 33.
Kc7 Ke8 34. Rd4 Rd7+ 35. Kc6 Ra7 36. Rb4 Ra6+ 37. Kc7 Ra7+ 38. Kb6 Ra8 39. Kb7
Ra5 40. Kb6 Ra8 41. Kb7 Ra5 42. Kb6 1/2-1/2

[Event "NB II. Erkel csoport"]
[Site "Szada"]
[Date "2024.02.18"]
[Round "4.4"]
[White "Fecske, Csaba"]
[Black "Dancs, Zsolt"]
[Result "0-1"]
[WhiteElo "1917"]
[BlackElo "2071"]
[PlyCount "48"]
[EventDate "2023.10.08"]
[EventType "team-tourn"]
[EventRounds "9"]
[EventCountry "HUN"]
[Source "chess.hu"]
[WhiteTeam "Godolloi SBE"]
[BlackTeam "Fot SE-LearningChess"]
[WhiteTeamCountry "HUN"]
[BlackTeamCountry "HUN"]

1. d4 Nf6 2. Bf4 e6 3. e3 d5 4. Nf3 Bd6 5. Ne5 O-O 6. Nd2 c5 7. c3 b6 8. Qf3
Ba6 9. Bxa6 Nxa6 10. Bg5 Rc8 11. h4 Be7 12. Rh3 Nd7 13. Qg3 Nxe5 14. dxe5 Kh8
15. Nf3 c4 16. Qg4 Nc5 17. Rg3 f5 18. exf6 Bxf6 19. Bxf6 Qxf6 20. Qd4 e5 21.
Qxd5 Rfd8 22. O-O-O Rxd5 23. Rxd5 Nd3+ 24. Kc2 e4 0-1

[Event "NB II. Erkel csoport"]
[Site "Szada"]
[Date "2024.02.18"]
[Round "4.5"]
[White "Zamodics, Peter"]
[Black "Papp, Lorinc"]
[Result "1/2-1/2"]
[WhiteElo "1947"]
[BlackElo "1864"]
[PlyCount "35"]
[EventDate "2023.10.08"]
[EventType "team-tourn"]
[EventRounds "9"]
[EventCountry "HUN"]
[Source "chess.hu"]
[WhiteTeam "Fot SE-LearningChess"]
[BlackTeam "Godolloi SBE"]
[WhiteTeamCountry "HUN"]
[BlackTeamCountry "HUN"]

1. d4 Nf6 2. Nf3 d5 3. c4 e6 4. Nc3 Be7 5. e3 O-O 6. Bd3 dxc4 7. Bxc4 b6 8. O-O
Bb7 9. a3 c5 10. dxc5 Bxc5 11. b4 Be7 12. Bb2 Qxd1 13. Rfxd1 Nc6 14. Rac1 Rfd8
15. Be2 Rac8 16. Nb5 h6 17. Nbd4 Nxd4 18. Bxd4 1/2-1/2

[Event "NB II. Erkel csoport"]
[Site "Szada"]
[Date "2024.02.18"]
[Round "4.6"]
[White "Ruttkay, Peter"]
[Black "Mester, Attila"]
[Result "0-1"]
[WhiteElo "1969"]
[BlackElo "1944"]
[PlyCount "30"]
[EventDate "2023.10.08"]
[EventType "team-tourn"]
[EventRounds "9"]
[EventCountry "HUN"]
[Source "chess.hu"]
[WhiteTeam "Godolloi SBE"]
[BlackTeam "Fot SE-LearningChess"]
[WhiteTeamCountry "HUN"]
[BlackTeamCountry "HUN"]

1. g3 Nf6 2. Bg2 g6 3. e4 d6 4. d4 Bg7 5. c3 O-O 6. Ne2 e5 7. O-O Nc6 8. d5 Ne7
9. Na3 Nd7 10. Nc4 f5 11. Bg5 h6 12. Bxe7 Qxe7 13. f4 Nf6 14. fxe5 dxe5 15.
exf5 Qc5+ 0-1

[Event "NB II. Erkel csoport"]
[Site "Szada"]
[Date "2024.02.18"]
[Round "4.7"]
[White "Andreeva, Elena"]
[Black "Nagy, Daniel"]
[Result "1/2-1/2"]
[WhiteElo "1865"]
[BlackElo "1788"]
[PlyCount "54"]
[EventDate "2023.10.08"]
[EventType "team-tourn"]
[EventRounds "9"]
[EventCountry "HUN"]
[Source "chess.hu"]
[WhiteTeam "Fot SE-LearningChess"]
[BlackTeam "Godolloi SBE"]
[WhiteTeamCountry "HUN"]
[BlackTeamCountry "HUN"]

1. e4 c5 2. Nf3 e6 3. d4 cxd4 4. Nxd4 Nc6 5. Nc3 Qc7 6. Be3 a6 7. Qd2 b5 8.
O-O-O Bb7 9. f3 Rc8 10. Ndxb5 axb5 11. Nxb5 Qd8 12. Bb6 Qe7 13. Nc7+ Rxc7 14.
Bxc7 Nf6 15. e5 Nd5 16. Bd6 Qh4 17. c4 Bxd6 18. cxd5 Bxe5 19. g3 Bxg3 20. hxg3
Qxh1 21. dxc6 Bxc6 22. Qd6 Qxf3 23. Qb8+ Ke7 24. Qxh8 Ba4 25. b3 Qc3+ 26. Kb1
Bxb3 27. axb3 Qxb3+ 1/2-1/2

[Event "NB II. Erkel csoport"]
[Site "Szada"]
[Date "2024.02.18"]
[Round "4.8"]
[White "Zamodics, Ferenc"]
[Black "Illes, Attila"]
[Result "1-0"]
[WhiteElo "1742"]
[BlackElo "1830"]
[PlyCount "91"]
[EventDate "2023.10.08"]
[EventType "team-tourn"]
[EventRounds "9"]
[EventCountry "HUN"]
[Source "chess.hu"]
[WhiteTeam "Godolloi SBE"]
[BlackTeam "Fot SE-LearningChess"]
[WhiteTeamCountry "HUN"]
[BlackTeamCountry "HUN"]

1. d4 d5 2. c4 e6 3. Nc3 Nf6 4. e3 Be7 5. Nf3 Nbd7 6. a3 a6 7. b4 dxc4 8. Bxc4
b5 9. Bd3 Bb7 10. O-O O-O 11. Bb2 Bd6 12. e4 e5 13. d5 c6 14. dxc6 Bxc6 15.
Bxb5 Bxb5 16. Nxb5 Bxb4 17. axb4 axb5 18. Qe2 Qe7 19. Rxa8 Rxa8 20. Qxb5 Rb8
21. Qa5 Qxb4 22. Qxb4 Rxb4 23. Bxe5 Nxe4 24. Re1 f6 25. Bd4 f5 26. Rd1 g6 27.
g3 Rb3 28. Kg2 Rb7 29. Rc1 Nef6 30. Ng5 h6 31. Rc8+ Kg7 32. Ne6+ Kh7 33. Nf8+
Kg7 34. Ne6+ Kh7 35. Rd8 g5 36. Nf8+ Nxf8 37. Rxf8 Ng8 38. Rxf5 Kg6 39. Rf8 Ne7
40. Rf6+ Kh7 41. Rf7+ Kg8 42. Rg7+ Kf8 43. Rh7 Kg8 44. Rxh6 Nf5 45. Rh8+ Kf7
46. Rh7+ 1-0

[Event "NB II. Erkel csoport"]
[Site "Szada"]
[Date "2024.02.18"]
[Round "4.9"]
[White "Rozsa, Sandor"]
[Black "Nagy, Adrian"]
[Result "1-0"]
[WhiteElo "1738"]
[BlackElo "1558"]
[PlyCount "45"]
[EventDate "2023.10.08"]
[EventType "team-tourn"]
[EventRounds "9"]
[EventCountry "HUN"]
[Source "chess.hu"]
[WhiteTeam "Fot SE-LearningChess"]
[BlackTeam "Godolloi SBE"]
[WhiteTeamCountry "HUN"]
[BlackTeamCountry "HUN"]

1. e4 e6 2. d4 d5 3. exd5 exd5 4. c4 Nf6 5. Nc3 c6 6. Nf3 Be7 7. cxd5 Nxd5 8.
Bc4 Be6 9. Qb3 b6 10. O-O O-O 11. Ne5 Bf6 12. Ne4 b5 13. Nxf6+ Qxf6 14. Bxd5
Bxd5 15. Qg3 Rd8 16. Bg5 Qd6 17. Bxd8 Qxd8 18. Rfc1 f6 19. Ng4 Na6 20. a3 Nc7
21. Re1 Ne6 22. Rad1 Qd7 23. Nxf6+ 1-0

[Event "NB II. Erkel csoport"]
[Site "Szada"]
[Date "2024.02.18"]
[Round "4.10"]
[White "Haaz, Gabor Istvan"]
[Black "Vrona, Mihail"]
[Result "0-1"]
[WhiteElo "1413"]
[BlackElo "1896"]
[PlyCount "96"]
[EventDate "2023.10.08"]
[EventType "team-tourn"]
[EventRounds "9"]
[EventCountry "HUN"]
[Source "chess.hu"]
[WhiteTeam "Godolloi SBE"]
[BlackTeam "Fot SE-LearningChess"]
[WhiteTeamCountry "HUN"]
[BlackTeamCountry "HUN"]

1. e4 e5 2. Nc3 Nf6 3. f4 Bb4 4. fxe5 Bxc3 5. exf6 Bxf6 6. d4 d6 7. Nf3 Bg4 8.
Be2 Qe7 9. Qd3 O-O 10. Be3 Nc6 11. c3 Bh5 12. O-O Bg6 13. Nd2 d5 14. Qb5 Bxe4
15. Bf3 Bxf3 16. Rxf3 Qd7 17. Raf1 Ne5 18. Qxd7 Nxd7 19. Bf4 c6 20. Re3 Rfe8
21. Rfe1 Rxe3 22. Rxe3 h6 23. Nf3 g5 24. Bd6 Kg7 25. Kf2 Kg6 26. Re2 Rd8 27.
Bc7 Rg8 28. Bd6 Bd8 29. Ne5+ Nxe5 30. Rxe5 f6 31. Re2 Kf7 32. g4 Re8 33. Rxe8
Kxe8 34. h4 Be7 35. Bg3 Kd7 36. hxg5 hxg5 37. Kf3 Bd6 38. Bf2 Ke6 39. b3 b5 40.
Be3 a5 41. a4 Be7 42. Bd2 Ba3 43. axb5 cxb5 44. c4 a4 45. bxa4 bxa4 46. c5 Bb2
47. Bb4 a3 48. c6 a2 0-1

[Event "NB II. Erkel csoport"]
[Site "Szada"]
[Date "2024.02.18"]
[Round "4.11"]
[White "Karpati, Gabor"]
[Black "Dezso, Edmond Bence"]
[Result "1-0"]
[WhiteElo "1749"]
[BlackElo "1366"]
[PlyCount "69"]
[EventDate "2023.10.08"]
[EventType "team-tourn"]
[EventRounds "9"]
[EventCountry "HUN"]
[Source "chess.hu"]
[WhiteTeam "Fot SE-LearningChess"]
[BlackTeam "Godolloi SBE"]
[WhiteTeamCountry "HUN"]
[BlackTeamCountry "HUN"]

1. d4 Nf6 2. Nf3 g6 3. c3 Bg7 4. Bf4 d6 5. h3 O-O 6. Nbd2 Nbd7 7. e4 c5 8. d5
a6 9. a4 Nh5 10. Bh2 Ne5 11. Be2 Nxf3+ 12. Bxf3 Nf6 13. O-O Bd7 14. Be2 Ne8 15.
Qb3 Rb8 16. f4 Nc7 17. e5 b5 18. axb5 axb5 19. Bf3 b4 20. c4 Ra8 21. Ne4 Ne8
22. g4 f5 23. Nf2 fxg4 24. hxg4 Rxa1 25. Rxa1 dxe5 26. fxe5 e6 27. d6 Qb6 28.
Qd3 Rf7 29. Qe4 Kf8 30. Nh3 Bc8 31. Rf1 Bb7 32. Qd3 Bxf3 33. Rxf3 Rxf3 34.
Qxf3+ Kg8 35. d7 1-0

[Event "NB II. Erkel csoport"]
[Site "Vac"]
[Date "2024.02.18"]
[Round "4.1"]
[White "Peredy, Ferenc"]
[Black "Gyenes, Mate"]
[Result "0-1"]
[WhiteElo "2177"]
[BlackElo "2125"]
[PlyCount "82"]
[EventDate "2023.10.08"]
[EventType "team-tourn"]
[EventRounds "9"]
[EventCountry "HUN"]
[Source "chess.hu"]
[WhiteTeam "TFSE"]
[BlackTeam "Vaci SC"]
[WhiteTeamCountry "HUN"]
[BlackTeamCountry "HUN"]

1. e4 d6 2. d4 Nf6 3. Nc3 g6 4. Be2 Bg7 5. g4 O-O 6. Be3 e5 7. d5 Nbd7 8. g5
Ne8 9. h4 c6 10. h5 Nb6 11. Qd2 Nc7 12. O-O-O cxd5 13. exd5 Bf5 14. Nf3 Qd7 15.
Nh4 Na4 16. Nxf5 gxf5 17. f3 Nxc3 18. Qxc3 Nb5 19. Qb3 Nd4 20. Bxd4 exd4 21. f4
a6 22. Qh3 Rfe8 23. Bd3 Re3 24. Qxf5 Qxf5 25. Bxf5 Rae8 26. Rdf1 R8e7 27. Rhg1
Re2 28. Bd3 Rh2 29. h6 Bh8 30. Re1 Re3 31. Ref1 Rhh3 32. Rg2 Rhf3 33. Rgf2 Rg3
34. a4 Re8 35. a5 Rc8 36. b4 Rxd3 37. Re1 Re3 38. Rfe2 Rce8 39. Kd2 Rxe2+ 40.
Rxe2 Rxe2+ 41. Kxe2 f6 0-1

[Event "NB II. Erkel csoport"]
[Site "Vac"]
[Date "2024.02.18"]
[Round "4.2"]
[White "Mirza, Solyom"]
[Black "Reviczki, Roland"]
[Result "0-1"]
[WhiteElo "2060"]
[BlackElo "2241"]
[PlyCount "88"]
[EventDate "2023.10.08"]
[EventType "team-tourn"]
[EventRounds "9"]
[EventCountry "HUN"]
[Source "chess.hu"]
[WhiteTeam "Vaci SC"]
[BlackTeam "TFSE"]
[WhiteTeamCountry "HUN"]
[BlackTeamCountry "HUN"]

1. e4 c5 2. f4 d5 3. Nf3 dxe4 4. Ng5 Bf5 5. g4 Bd7 6. Nxe4 e5 7. Bg2 Nc6 8. O-O
Nf6 9. Nxf6+ gxf6 10. Nc3 Rg8 11. f5 h5 12. h3 hxg4 13. hxg4 c4 14. Ne4 Qb6+
15. Kh2 Be7 16. b3 Rh8+ 17. Kg3 cxb3 18. axb3 O-O-O 19. c3 Kb8 20. Qe2 Qxb3 21.
Qe3 Qb5 22. Rf3 Bc8 23. Bf1 Qb3 24. d4 exd4 25. cxd4 Qxe3 26. Bxe3 Nxd4 27. Rf2
a6 28. Rb2 Ka8 29. Ra4 Nc6 30. Bb5 Ne5 31. Bc5 Rdg8 32. Be2 Bxc5 33. Nxc5 Ka7
34. Rab4 Nc6 35. Rb6 Nd4 36. Rxf6 Re8 37. Bc4 Re3+ 38. Kf4 Rc3 39. Rxf7 Rxc4
40. Ne4 Nxf5 41. Rxf5 Bxf5 42. Kxf5 Rf8+ 43. Nf6 Rxg4 44. Kxg4 Rxf6 0-1

[Event "NB II. Erkel csoport"]
[Site "Vac"]
[Date "2024.02.18"]
[Round "4.3"]
[White "Laszlo, Csaba"]
[Black "Trajber, Daniel"]
[Result "0-1"]
[WhiteElo "2070"]
[BlackElo "2052"]
[PlyCount "164"]
[EventDate "2023.10.08"]
[EventType "team-tourn"]
[EventRounds "9"]
[EventCountry "HUN"]
[Source "chess.hu"]
[WhiteTeam "TFSE"]
[BlackTeam "Vaci SC"]
[WhiteTeamCountry "HUN"]
[BlackTeamCountry "HUN"]

1. e4 c5 2. Nf3 Nc6 3. d4 cxd4 4. Nxd4 Nf6 5. Nc3 e5 6. Ndb5 d6 7. Bg5 a6 8.
Na3 b5 9. Bxf6 gxf6 10. Nd5 Bg7 11. c3 Ne7 12. Nc2 O-O 13. Nce3 Nxd5 14. Nxd5
f5 15. Bd3 Be6 16. Bc2 fxe4 17. Bxe4 f5 18. Bc2 e4 19. Nf4 Bf7 20. Bb3 Be5 21.
Ne6 Bxe6 22. Bxe6+ Kh8 23. Qh5 Qf6 24. Bb3 Bxc3+ 25. Ke2 Bxb2 26. Rab1 f4 27.
Rhd1 f3+ 28. gxf3 Rae8 29. Kf1 exf3 30. Re1 Re2 31. Rxe2 fxe2+ 32. Qxe2 Bd4 33.
f3 Qh4 34. Rd1 Qh3+ 35. Ke1 Bc3+ 36. Kf2 Qxh2+ 37. Kf1 Qh1+ 38. Kf2 Qh4+ 39.
Kf1 Qh3+ 40. Kf2 Be5 41. Qe4 Qg3+ 42. Ke2 Qg2+ 43. Ke3 Qg5+ 44. Ke2 Qf4 45.
Qxf4 Bxf4 46. Rg1 Re8+ 47. Kd3 h6 48. Rg4 Rf8 49. Ke4 Bd2 50. f4 h5 51. Rh4 Kg7
52. f5 Kh6 53. Bd1 d5+ 54. Kd3 Bc1 55. Rxh5+ Kg7 56. Bb3 Ra8 57. Bc2 Kf6 58.
Kd4 Bb2+ 59. Kd3 a5 60. Kd2 Ke5 61. Rh6 Rg8 62. Re6+ Kd4 63. Bd1 Rg2+ 64. Re2
Rxe2+ 65. Bxe2 Kc5 66. Kc2 Bf6 67. Bf1 a4 68. Be2 b4 69. Ba6 Kd4 70. Bb5 a3 71.
Ba4 Ke4 72. Bb3 d4 73. Be6 d3+ 74. Kd1 Ke3 75. Bc4 Kd4 76. Be6 Kc3 77. Bb3 d2
78. Be6 Kd3 79. Bb3 Bg5 80. Be6 Ke4 81. Bd7 b3 82. Bc6+ Kd4 0-1

[Event "NB II. Erkel csoport"]
[Site "Vac"]
[Date "2024.02.18"]
[Round "4.4"]
[White "Tornai, Imre"]
[Black "Suto, Gabor"]
[Result "1/2-1/2"]
[WhiteElo "2022"]
[BlackElo "2154"]
[PlyCount "85"]
[EventDate "2023.10.08"]
[EventType "team-tourn"]
[EventRounds "9"]
[EventCountry "HUN"]
[Source "chess.hu"]
[WhiteTeam "Vaci SC"]
[BlackTeam "TFSE"]
[WhiteTeamCountry "HUN"]
[BlackTeamCountry "HUN"]

1. e4 c5 2. Nf3 e6 3. d4 cxd4 4. Nxd4 a6 5. Bd3 Nc6 6. Be3 Nf6 7. O-O Qc7 8.
Nxc6 dxc6 9. f4 e5 10. f5 b5 11. Nd2 Bb7 12. Qe2 Be7 13. a4 Rd8 14. g4 h6 15.
h3 Nd7 16. Qf2 Bg5 17. Rfd1 Bxe3 18. Qxe3 Qb6 19. Qxb6 Nxb6 20. axb5 cxb5 21.
Kf2 Ke7 22. Ke3 Rd7 23. Nf3 f6 24. b3 Rhd8 25. h4 Rc7 26. g5 hxg5 27. hxg5 Rh8
28. Rh1 Rcc8 29. Nh4 Kd6 30. gxf6 gxf6 31. Ng6 Rxh1 32. Rxh1 a5 33. Rh7 Bc6 34.
Rf7 Nd7 35. Kd2 Kc5 36. Kc3 Ra8 37. Ne7 Rf8 38. Rh7 Nb6 39. Ng6 Rd8 40. Rf7 Rd6
41. Nf8 Nd7 42. Ne6+ Kb6 43. Rg7 1/2-1/2